Language Quiz

Random Language Quiz

Da capo Capitolo 7 Quiz Stats

Quiz not verified by Sporcle

Challenge
Share
Tweet
Embed
Score 0/71 Timer 10:00
0 Plays Today
Italiano Inglese % Correct
l'economiaeconomy
100%
la crisi finanziariafinancial crisis
100%
l'impiegojob
100%
la professioneprofession
100%
la squadrateam
100%
il capoboss
100%
la disoccupazioneunemployment
100%
la retribuzionecompensation
100%
il compensocompensation
100%
i guadagniearnings
100%
le perditelosses
100%
la promozionepromotion
100%
il cambiamentochange
100%
cambiarechange
100%
gli spicciolichange
100%
il restoremainder
100%
volereto want
100%
il lavoro artisticoartistic work
66.7%
il lavoro d'ufficiooffice work
66.7%
la fabbricafactory
66.7%
il sindacatounion
66.7%
lo scioperostrike
66.7%
la carrieracareer
66.7%
il lavoro di gruppogroup work
66.7%
l'occupazioneemployment
66.7%
la qualità di vitaquality of life
66.7%
gli investimentiinvestments
66.7%
i risparmisavings
66.7%
impiegareto hire
66.7%
lo scherzojoke
66.7%
la barzellettajoke
66.7%
cambiare ideachange idea
66.7%
potereto be able to
66.7%
la manodoperaworkforce
33.3%
la filialebranch
33.3%
il repartodepartment
33.3%
Italiano Inglese % Correct
la sede centraleheadquarters
33.3%
il sociopartner
33.3%
il lavoro part timepart-time employment
33.3%
lo stipendostipend
33.3%
il redditosalary
33.3%
lavorare sotto pressioneto work under pressure
33.3%
licenziareto fire
33.3%
andare in pensioneto retire
33.3%
il cambioexchange
33.3%
cambiarsiexchange
33.3%
scambiarsiinterchange
33.3%
il mercato del lavorojob market
0%
il lavoro amministrativopaperwork
0%
il settoresector, field
0%
l'aziendabusiness
0%
la dittabusiness
0%
il / la dipendenteworker
0%
l'amministratore/-trice delegato/amanaging director
0%
il lavoro neroundeclared employment
0%
il lavoro a tempo determinatoshort-term employment
0%
il lavoro a tempo pienofull-time employment
0%
il tenore di vitastandard of living
0%
la tredicesimayear end bonus (lit. 13th month)
0%
fare una domanda d'impiegoto submit a job application
0%
lavorare come un matto / una mattato work like crazy
0%
lavorare sodoto work hard
0%
essere assunto/ato be hired
0%
essere in congedoto be on leave
0%
fare scioperoto go on strike
0%
nominareto appoint
0%
dare le dimissionito resign
0%
fare uno scherzoto play a trick
0%
per scherzoas a joke
0%
scambiare (con)exchange (with)
0%
dovereshould
0%

You're not logged in!

Compare scores with friends on all Sporcle quizzes.
Sign Up with Email
OR
Log In

You Might Also Like...

Show Comments

Extras

Top Quizzes Today


Score Distribution

Your Account Isn't Verified!

In order to create a playlist on Sporcle, you need to verify the email address you used during registration. Go to your Sporcle Settings to finish the process.

Report this User

Report this user for behavior that violates our Community Guidelines.

Details: